[Event "POL-chT 2nd League"]
[Site "Szczyrk"]
[Date "2014.09.14"]
[Round "9.46"]
[White "Majcher, Marcin"]
[Black "Szumilas, Piotr"]
[Result "1-0"]
[WhiteElo "2222"]
[BlackElo "2191"]
[PlyCount "111"]
[EventDate "2014.09.06"]
[EventType "team-swiss"]
[EventRounds "9"]
[EventCountry "POL"]
[SourceTitle "EXT 2015"]
[Source "ChessBase"]
[SourceDate "2014.11.20"]
[SourceVersion "1"]
[SourceVersionDate "2014.11.20"]
[SourceQuality "1"]
[WhiteTeam "Gliwice Politechnika Slaska"]
[BlackTeam "Wroclaw AZS Politechnika"]
[WhiteTeamCountry "POL"]
[BlackTeamCountry "POL"]

1. e4 c5 2. Nc3 Nc6 3. Nge2 e6 4. d4 cxd4 5. Nxd4 Qc7 6. Be3 a6 7. Be2 Nf6 8. 0-0 Bb4 9. Na4 0-0 10. c4 Bd6 11. g3 Nxe4 12. Bf3 Nf6 13. c5 Nxd4 14. Bxd4 Be5 15. Bxe5 Qxe5 16. Re1 Qc7 17. Qd4 a5 18. Nb6 Ra6 19. Be2 Ra7 20. Red1 Rd8 21. Rac1 Qc6 22. Qe5 d5 23. Qb8 Ra6 24. Bxa6 bxa6 25. Rd3 h5 26. h4 Ne4 27. f3 Qb5 28. Rb3 Qe2 29. fxe4 d4 30. Qc7 Rf8 31. Nxc8 d3 32. Ne7+ Kh7 33. Rxd3 Qxd3 34. Qf4 Rb8 35. Qg5 g6 36. Rf1 Qd4+ 37. Kh2 Rxb2+ 38. Kh3 Qg7 39. c6 Rc2 40. Qf6 Qxf6 41. Rxf6 Kg7 42. Rf3 f6 43. Rb3 g5 44. hxg5 fxg5 45. g4 Kf6 46. Rb7 Ke5 47. c7 Kf4 48. Ng6+ Kxe4 49. gxh5 Kf3 50. h6 g4+ 51. Kh4 g3 52. h7 Rh2+ 53. Kg5 g2 54. Rb1 Rh1 55. c8Q Rxb1 56. Nh4+ 1-0

[Event "POL-chT 2nd League"]
[Site "Szczyrk"]
[Date "2014.09.12"]
[Round "7.52"]
[White "Wozniak, Maciej"]
[Black "Majcher, Marcin"]
[Result "1-0"]
[WhiteElo "2148"]
[BlackElo "2222"]
[PlyCount "61"]
[EventDate "2014.09.06"]
[EventType "team-swiss"]
[EventRounds "9"]
[EventCountry "POL"]
[SourceTitle "EXT 2015"]
[Source "ChessBase"]
[SourceDate "2014.11.20"]
[SourceVersion "1"]
[SourceVersionDate "2014.11.20"]
[SourceQuality "1"]
[WhiteTeam "Stara Wies Parnas"]
[BlackTeam "Gliwice Politechnika Slaska"]
[WhiteTeamCountry "POL"]
[BlackTeamCountry "POL"]

1. e4 c5 2. Nc3 Nc6 3. g3 g6 4. Bg2 Bg7 5. d3 d6 6. f4 e6 7. Nf3 Nge7 8. 0-0 0-0 9. Be3 Nd4 10. e5 Nef5 11. Bf2 Rb8 12. Ne4 Nxf3+ 13. Qxf3 b6 14. g4 Bb7 15. Qd1 d5 16. Nf6+ Bxf6 17. gxf5 Bg7 18. f6 Bh6 19. Bh4 Re8 20. Qg4 Bf8 21. Rf3 d4 22. Rh3 h5 23. Qg3 Kh7 24. Bg5 Bxg2 25. Qxg2 c4 26. Qg4 Qc7 27. Rxh5+ gxh5 28. Qxh5+ Kg8 29. Bh6 Qc5 30. Qg5+ Kh7 31. Bg7 1-0

[Event "POL-chT 2nd League"]
[Site "Szczyrk"]
[Date "2014.09.09"]
[Round "4.33"]
[White "Majcher, Marcin"]
[Black "Bokiej, Przemyslaw"]
[Result "1-0"]
[WhiteElo "2222"]
[BlackElo "2111"]
[PlyCount "129"]
[EventDate "2014.09.06"]
[EventType "team-swiss"]
[EventRounds "9"]
[EventCountry "POL"]
[SourceTitle "EXT 2015"]
[Source "ChessBase"]
[SourceDate "2014.11.20"]
[SourceVersion "1"]
[SourceVersionDate "2014.11.20"]
[SourceQuality "1"]
[WhiteTeam "Gliwice Politechnika Slaska"]
[BlackTeam "Bydgoszcz Chemik"]
[WhiteTeamCountry "POL"]
[BlackTeamCountry "POL"]

1. e4 e6 2. d4 d5 3. Nc3 Nf6 4. Bg5 Be7 5. e5 Nfd7 6. Bxe7 Qxe7 7. f4 0-0 8. Nf3 c5 9. Qd2 Nc6 10. dxc5 Qxc5 11. 0-0-0 Nb6 12. Kb1 Nc4 13. Bxc4 Qxc4 14. Qd3 Qxf4 15. g3 Qh6 16. Nb5 Bd7 17. Nd6 f6 18. Rde1 Qh5 19. exf6 Rxf6 20. Nh4 b6 21. Ng2 Rf3 22. Qd1 g5 23. Nh4 gxh4 24. g4 Qg6 25. Qxf3 Qxc2+ 26. Kxc2 Nd4+ 27. Kd1 Nxf3 28. Re3 Ng5 29. Rc3 Kf8 30. Re1 h6 31. b3 Rd8 32. Rc7 e5 33. Nf5 e4 34. Nd4 Bxg4+ 35. Kd2 Rd7 36. Rxd7 Bxd7 37. Ke3 Ke7 38. Rf1 Bg4 39. Rc1 Kf6 40. Kf4 Bd7 41. Rc7 Be6 42. Rxa7 Nh3+ 43. Ke3 Ke5 44. Ra8 Bf7 45. Rf8 Ng5 46. a4 h3 47. Rh8 h5 48. b4 Kd6 49. Rh6+ Ke5 50. Rxb6 Ne6 51. Nxe6 Bxe6 52. Rb5 Bd7 53. Ra5 h4 54. Rc5 Bxa4 55. b5 Kd6 56. Kd4 e3 57. Rxd5+ Kc7 58. Kc5 e2 59. Re5 Bd1 60. Re3 Kd7 61. Kb6 Kd6 62. Ka7 Kc5 63. b6 Kd4 64. Re7 Bc2 65. Rxe2 1-0

[Event "POL-chT2"]
[Site "Poronin"]
[Date "2013.09.15"]
[Round "9.22"]
[White "Majcher, Marcin"]
[Black "Bardeli, Lukasz"]
[Result "1-0"]
[WhiteElo "2182"]
[BlackElo "2266"]
[PlyCount "59"]
[EventDate "2013.09.06"]
[EventType "team-swiss"]
[EventRounds "9"]
[EventCountry "POL"]
[SourceTitle "EXT 2015"]
[Source "ChessBase"]
[SourceDate "2014.11.20"]
[SourceVersion "1"]
[SourceVersionDate "2014.11.20"]
[SourceQuality "1"]
[WhiteTeam "Gliwice Politechnika Slaska"]
[BlackTeam "Gniezno LKS Chrobry"]
[WhiteTeamCountry "POL"]
[BlackTeamCountry "POL"]

1. e4 c5 2. Nc3 a6 3. Nf3 b5 4. d4 cxd4 5. Nxd4 Bb7 6. Bd3 e5 7. Nf3 d6 8. 0-0 Nf6 9. Bg5 Nbd7 10. Qe2 Be7 11. a4 b4 12. Na2 a5 13. Bxf6 Bxf6 14. c3 0-0 15. cxb4 axb4 16. Nxb4 Nc5 17. Rfd1 Qb6 18. Bb5 Bxe4 19. Nd5 Bxd5 20. Rxd5 e4 21. Nd2 Bxb2 22. Nc4 Qxb5 23. axb5 Rxa1+ 24. Rd1 Rxd1+ 25. Qxd1 Bf6 26. Qd5 Na4 27. Nxd6 Nc3 28. Qc4 Rd8 29. Qxf7+ Kh8 30. Qe6 1-0

[Event "POL-chT2"]
[Site "Poronin"]
[Date "2013.09.07"]
[Round "1.81"]
[White "Hemmerling, Jaroslaw"]
[Black "Majcher, Marcin"]
[Result "0-1"]
[WhiteElo "1993"]
[BlackElo "2182"]
[PlyCount "94"]
[EventDate "2013.09.06"]
[EventType "team-swiss"]
[EventRounds "9"]
[EventCountry "POL"]
[SourceTitle "EXT 2015"]
[Source "ChessBase"]
[SourceDate "2014.11.20"]
[SourceVersion "1"]
[SourceVersionDate "2014.11.20"]
[SourceQuality "1"]
[WhiteTeam "Steszew Lipno"]
[BlackTeam "Gliwice Politechnika Slaska"]
[WhiteTeamCountry "POL"]
[BlackTeamCountry "POL"]

1. Nf3 d5 2. g3 Nf6 3. Bg2 g6 4. 0-0 Bg7 5. c4 c6 6. d3 0-0 7. Nc3 d4 8. Nb1 Re8 9. Na3 e5 10. Nc2 Bf5 11. Nd2 a5 12. b3 Na6 13. a3 Nc5 14. b4 Na4 15. Ne4 Bxe4 16. dxe4 Nc3 17. Qd3 Nfxe4 18. Bxe4 f5 19. f3 fxe4 20. fxe4 Nxe2+ 21. Qxe2 d3 22. Qe3 dxc2 23. Bd2 axb4 24. Bxb4 Qd4 25. Bc5 Qxc4 26. Rac1 Bh6 27. Qf2 Bxc1 28. Rxc1 Rad8 29. Qxc2 Qxc2 30. Rxc2 Rd1+ 31. Kf2 Red8 32. Ke2 Rb1 33. Be7 Rd4 34. Kf3 Rb3+ 35. Kg2 Kf7 36. Bc5 Rxe4 37. Rf2+ Ke6 38. Rf8 Re2+ 39. Kh3 Rbb2 40. Re8+ Kd5 41. Bg1 Rg2 42. Rd8+ Ke4 43. Rd1 h5 44. Kh4 Kf3 45. Kg5 e4 46. Kxg6 h4 47. Kf5 Rb5+ 0-1

[Event "POL-chT 2nd League"]
[Site "Wysowa"]
[Date "2007.09.09"]
[Round "7"]
[White "Majcher, Marcin"]
[Black "Krainski, Aleksander"]
[Result "1/2-1/2"]
[WhiteElo "2163"]
[BlackElo "2258"]
[PlyCount "38"]
[EventDate "2007.09.03"]
[EventType "team-swiss"]
[EventRounds "9"]
[EventCountry "POL"]
[SourceTitle "EXT 2010"]
[Source "ChessBase"]
[SourceDate "2010.11.25"]
[SourceVersion "1"]
[SourceVersionDate "2010.11.25"]
[SourceQuality "1"]
[WhiteTeam "Jaworzno JKSz MCKiS"]
[BlackTeam "Znin Baszta"]
[WhiteTeamCountry "POL"]
[BlackTeamCountry "POL"]

1. e4 c6 2. d4 d5 3. Nc3 dxe4 4. Nxe4 Nd7 5. Ng5 Ngf6 6. Bd3 e6 7. N1f3 Bd6 8. Qe2 h6 9. Ne4 Nxe4 10. Qxe4 Qc7 11. 0-0 c5 12. Qg4 Kf8 13. Re1 b6 14. c3 Bb7 15. Bd2 Rd8 16. Kh1 Nf6 17. Qh3 c4 18. Bc2 Bd5 19. Ne5 Bxe5 1/2-1/2

[Event "POL-chT 2nd League"]
[Site "Wysowa"]
[Date "2007.09.04"]
[Round "2"]
[White "Majcher, Marcin"]
[Black "Walkusz, Witoslaw"]
[Result "1-0"]
[WhiteElo "2163"]
[BlackElo "2180"]
[PlyCount "29"]
[EventDate "2007.09.03"]
[EventType "team-swiss"]
[EventRounds "9"]
[EventCountry "POL"]
[SourceTitle "EXT 2010"]
[Source "ChessBase"]
[SourceDate "2010.11.25"]
[SourceVersion "1"]
[SourceVersionDate "2010.11.25"]
[SourceQuality "1"]
[WhiteTeam "Jaworzno JKSz MCKiS"]
[BlackTeam "Gdynia Korsarz"]
[WhiteTeamCountry "POL"]
[BlackTeamCountry "POL"]

1. e4 e5 2. Nf3 Nc6 3. Bb5 f5 4. Nc3 fxe4 5. Nxe4 d5 6. Nxe5 dxe4 7. Nxc6 Qg5 8. Qe2 Nf6 9. f4 Qxf4 10. Nxa7+ Bd7 11. Bxd7+ Kxd7 12. Qb5+ Kd8 13. Qxb7 Bc5 14. Qxa8+ Ke7 15. d4 1-0

[Event "Rewal op-A 12th"]
[Site "Rewal"]
[Date "2007.08.24"]
[Round "4"]
[White "Majcher, Marcin"]
[Black "Siwiec, Arkadiusz"]
[Result "0-1"]
[WhiteElo "2163"]
[BlackElo "2048"]
[PlyCount "76"]
[EventDate "2007.08.20"]
[EventType "swiss"]
[EventRounds "9"]
[EventCountry "POL"]
[SourceTitle "CBM 120 Extra"]
[Source "ChessBase"]
[SourceDate "2007.11.01"]
[SourceVersion "1"]
[SourceVersionDate "2007.11.01"]
[SourceQuality "1"]

1. e4 c5 2. Nc3 Nc6 3. Nge2 d6 4. d4 cxd4 5. Nxd4 Nf6 6. Bg5 Bd7 7. Nb3 e6 8. Qd2 a6 9. 0-0-0 b5 10. f4 b4 11. Bxf6 Qxf6 12. Ne2 Qd8 13. Ned4 Qb6 14. f5 e5 15. Nxc6 Bxc6 16. Qe1 Be7 17. Bc4 a5 18. Kb1 a4 19. Nc1 Rc8 20. Bd5 0-0 21. Qe2 Rc7 22. h4 Rfc8 23. Rd2 Bxd5 24. exd5 Rc4 25. g4 Rd4 26. g5 Rcc4 27. g6 Rxh4 28. gxf7+ Kxf7 29. Rxh4 Rxh4 30. Rd1 Bg5 31. Nd3 Qe3 32. Qg2 h6 33. Re1 Qd4 34. Qf3 e4 35. Qe2 b3 36. axb3 axb3 37. Nf2 Rh2 38. Qxe4 Qxe4 0-1

[Event "Rewal op-A 12th"]
[Site "Rewal"]
[Date "2007.08.22"]
[Round "2"]
[White "Majcher, Marcin"]
[Black "Dinckel, Joerg"]
[Result "1/2-1/2"]
[WhiteElo "2163"]
[BlackElo "2066"]
[PlyCount "67"]
[EventDate "2007.08.20"]
[EventType "swiss"]
[EventRounds "9"]
[EventCountry "POL"]
[SourceTitle "CBM 120 Extra"]
[Source "ChessBase"]
[SourceDate "2007.11.01"]
[SourceVersion "1"]
[SourceVersionDate "2007.11.01"]
[SourceQuality "1"]

1. e4 c5 2. Nc3 e6 3. Nf3 Nc6 4. d4 cxd4 5. Nxd4 Nf6 6. Nxc6 bxc6 7. e5 Nd5 8. Ne4 Qc7 9. f4 Qb6 10. c4 Ne3 11. Qd3 Nf5 12. g4 Nd4 13. Bg2 Rb8 14. Bd2 Bb7 15. Bc3 c5 16. 0-0-0 d5 17. exd6 Bxe4 18. Qxe4 Bxd6 19. f5 Bf4+ 20. Kb1 e5 21. Qd3 0-0 22. Bd5 Nc6 23. Bxc6 Qxc6 24. Qd5 Qb6 25. h3 Rfd8 26. Qe4 Rxd1+ 27. Rxd1 Rd8 28. Rd5 f6 29. Kc2 Rxd5 30. Qxd5+ Kf8 31. Kd3 Bh2 32. Ke4 Bg1 33. g5 Bd4 34. Qa8+ 1/2-1/2

[Event "POL-chT 2nd League"]
[Site "Lublin"]
[Date "2006.09.07"]
[Round "6.40"]
[White "Rams, Michal"]
[Black "Majcher, Marcin"]
[Result "0-1"]
[WhiteElo "2194"]
[BlackElo "2145"]
[PlyCount "62"]
[EventDate "2006.09.02"]
[EventType "team-swiss"]
[EventRounds "9"]
[EventCountry "POL"]
[SourceTitle "EXT 2019"]
[Source "ChessBase"]
[SourceDate "2018.10.10"]
[SourceVersion "1"]
[SourceVersionDate "2018.10.10"]
[SourceQuality "1"]
[WhiteTeam "Warszawa YMCA"]
[BlackTeam "Jaworzno JKSz MCKiS II"]
[WhiteTeamCountry "POL"]
[BlackTeamCountry "POL"]

1. e4 c5 2. Nf3 e6 3. Qe2 Nc6 4. g3 d6 5. Bg2 g6 6. 0-0 Bg7 7. c3 Nge7 8. Rd1 e5 9. d3 0-0 10. Be3 f5 11. Qd2 f4 12. gxf4 Bg4 13. Qe2 exf4 14. Bc1 Qd7 15. b3 Rae8 16. Bb2 Nf5 17. d4 Nh4 18. Qc4+ Kh8 19. Qd3 Bxf3 20. Bxf3 Qh3 21. Bh1 f3 22. Nd2 Rf4 23. Nf1 Rfxe4 24. Ng3 Rf4 25. Re1 Ref8 26. Re4 Ng2 27. Rd1 cxd4 28. cxd4 d5 29. Rxf4 Rxf4 30. Bc1 Nxd4 31. Bb2 Rh4 0-1

[Event "Rewal op 11th"]
[Site "Rewal"]
[Date "2006.08.21"]
[Round "1"]
[White "Czachor, Radoslaw"]
[Black "Majcher, Marcin"]
[Result "0-1"]
[WhiteElo "2038"]
[BlackElo "2154"]
[PlyCount "100"]
[EventDate "2006.08.21"]
[EventType "swiss"]
[EventRounds "11"]
[EventCountry "POL"]
[SourceTitle "EXT 2010"]
[Source "ChessBase"]
[SourceDate "2010.11.25"]
[SourceVersion "1"]
[SourceVersionDate "2010.11.25"]
[SourceQuality "1"]

1. e4 c5 2. Nc3 e6 3. Nf3 Nc6 4. d4 cxd4 5. Nxd4 Qc7 6. Be3 a6 7. Be2 Nf6 8. 0-0 Bb4 9. Na4 Be7 10. Nxc6 bxc6 11. Bd3 c5 12. b3 Bb7 13. Re1 0-0 14. Bg5 d6 15. f4 h6 16. Bh4 Rfd8 17. e5 Nd5 18. Qg4 Bxh4 19. Qxh4 Nb4 20. Nb2 dxe5 21. fxe5 Rd4 22. Qg3 Rad8 23. Red1 Nxd3 24. Rxd3 Be4 25. Rxd4 cxd4 26. Nc4 Bxc2 27. Rc1 Bg6 28. Rd1 Rd5 29. Qf4 Qc5 30. Qf2 Qb4 31. h3 Qc3 32. Qh4 d3 33. Qg3 Bh5 34. Rd2 Bg6 35. Qe3 Rd4 36. Kh2 Kh7 37. Qf2 Re4 38. Kg1 h5 39. Kh2 Qc1 40. Nb2 Rd4 41. Nc4 Qc3 42. Nd6 Rd5 43. Nxf7 Bxf7 44. Qxf7 Qxe5+ 45. Kg1 Qe1+ 46. Kh2 Qxd2 47. Qxe6 Qf4+ 48. g3 Qf2+ 49. Kh1 Rf5 50. Qe4 d2 0-1

[Event "POL-ch U18"]
[Site "Leba"]
[Date "2006.04.02"]
[Round "11"]
[White "Warakomski, Tomasz"]
[Black "Majcher, Marcin"]
[Result "1-0"]
[WhiteElo "2430"]
[BlackElo "2066"]
[PlyCount "69"]
[EventDate "2006.03.25"]
[EventType "swiss"]
[EventRounds "11"]
[EventCountry "POL"]
[SourceTitle "CBM 111 Extra"]
[Source "ChessBase"]
[SourceDate "2006.05.09"]
[SourceVersion "1"]
[SourceVersionDate "2006.05.09"]
[SourceQuality "1"]

1. e4 c5 2. Nf3 d6 3. d4 cxd4 4. Nxd4 Nf6 5. Nc3 a6 6. f4 e5 7. Nf3 Nbd7 8. a4 Be7 9. Bd3 0-0 10. 0-0 exf4 11. Bxf4 Qb6+ 12. Kh1 Qxb2 13. Qe1 Qb6 14. Bg5 h6 15. Qh4 Qc5 16. Nd5 Nxd5 17. exd5 Bxg5 18. Nxg5 Ne5 19. Nxf7 Nxf7 20. Qe4 Bf5 21. Rxf5 Rae8 22. Qf4 Ne5 23. Rxf8+ Rxf8 24. Bh7+ Kxh7 25. Qxf8 Qxd5 26. Qf5+ Kh8 27. Qc8+ Kh7 28. Rf1 Qd4 29. Qf5+ Kg8 30. h3 Qxa4 31. Qf8+ Kh7 32. Qxd6 Ng6 33. Rf7 Qa1+ 34. Kh2 Qc3 35. Rxb7 1-0

[Event "POL-ch U18"]
[Site "Leba"]
[Date "2006.03.30"]
[Round "8"]
[White "Majcher, Marcin"]
[Black "Siembab, Bartosz"]
[Result "1/2-1/2"]
[WhiteElo "2066"]
[BlackElo "2170"]
[PlyCount "42"]
[EventDate "2006.03.25"]
[EventType "swiss"]
[EventRounds "11"]
[EventCountry "POL"]
[SourceTitle "CBM 111 Extra"]
[Source "ChessBase"]
[SourceDate "2006.05.09"]
[SourceVersion "1"]
[SourceVersionDate "2006.05.09"]
[SourceQuality "1"]

1. e4 c5 2. Nc3 e6 3. Nf3 Nc6 4. d4 cxd4 5. Nxd4 Nf6 6. Nxc6 bxc6 7. e5 Nd5 8. Ne4 Qc7 9. f4 Qb6 10. c4 Bb4+ 11. Ke2 f5 12. Nf2 Ba6 13. Kf3 Ne7 14. Be3 Bc5 15. Bxc5 Qxc5 16. Qd6 Qb6 17. b3 c5 18. Rd1 Bb7+ 19. Ke3 Qxd6 20. Rxd6 Rg8 21. h4 h6 1/2-1/2

[Event "POL-ch U18"]
[Site "Leba"]
[Date "2006.03.25"]
[Round "1"]
[White "Krzesaj, Robert"]
[Black "Majcher, Marcin"]
[Result "1/2-1/2"]
[WhiteElo "2387"]
[BlackElo "2066"]
[PlyCount "43"]
[EventDate "2006.03.25"]
[EventType "swiss"]
[EventRounds "11"]
[EventCountry "POL"]
[SourceTitle "CBM 111 Extra"]
[Source "ChessBase"]
[SourceDate "2006.05.09"]
[SourceVersion "1"]
[SourceVersionDate "2006.05.09"]
[SourceQuality "1"]

1. d4 d5 2. c4 c6 3. Nf3 Nf6 4. e3 e6 5. Nbd2 Nbd7 6. Bd3 Bd6 7. 0-0 0-0 8. e4 dxe4 9. Nxe4 Be7 10. Nxf6+ Nxf6 11. Bc2 b6 12. Qd3 Bb7 13. Bg5 g6 14. Rfe1 c5 15. d5 Nxd5 16. cxd5 Bxg5 17. dxe6 Qxd3 18. Bxd3 Bxf3 19. exf7+ Rxf7 20. gxf3 Rd7 21. Bc4+ Kf8 22. Rad1 1/2-1/2

[Event "POL-chT 2nd League"]
[Site "Wysowa"]
[Date "2005.09.01"]
[Round "6.39"]
[White "Butkiewicz, Lukasz"]
[Black "Majcher, Marcin"]
[Result "1-0"]
[WhiteElo "2163"]
[BlackElo "2107"]
[PlyCount "75"]
[EventDate "2005.08.27"]
[EventType "team-swiss"]
[EventRounds "9"]
[EventCountry "POL"]
[SourceTitle "EXT 2019"]
[Source "ChessBase"]
[SourceDate "2018.10.10"]
[SourceVersion "1"]
[SourceVersionDate "2018.10.10"]
[SourceQuality "1"]
[WhiteTeam "Wroclaw MUKS MDK Srodmiescie"]
[BlackTeam "Jaworzno JKSz MCKiS II"]
[WhiteTeamCountry "POL"]
[BlackTeamCountry "POL"]

1. e4 c5 2. Nf3 d6 3. d4 cxd4 4. Nxd4 Nf6 5. Nc3 a6 6. f3 e5 7. Nb3 Be6 8. Be3 Be7 9. Qd2 0-0 10. 0-0-0 Qc7 11. g4 Nbd7 12. h4 b5 13. Qf2 b4 14. Nd5 Bxd5 15. exd5 a5 16. g5 Nh5 17. Kb1 f5 18. gxf6 Ndxf6 19. Bh3 a4 20. Nd2 Qb7 21. Be6+ Kh8 22. Bg5 Ra5 23. Nc4 Rc5 24. Bxf6 Rxc4 25. Bg5 Bxg5 26. hxg5 g6 27. Rh3 a3 28. b3 Rcf4 29. Qe3 Qg7 30. c3 bxc3 31. Qxc3 Qe7 32. Rg1 Rd4 33. Qc2 Nf4 34. Rh6 Nh5 35. Qxg6 Nf4 36. Qc2 Qg7 37. Rgh1 Rd3 38. g6 1-0

[Event "POL-chT 2nd League"]
[Site "Wysowa"]
[Date "2005.08.28"]
[Round "2.21"]
[White "Kaim, Piotr"]
[Black "Majcher, Marcin"]
[Result "1-0"]
[WhiteElo "2257"]
[BlackElo "2107"]
[PlyCount "55"]
[EventDate "2005.08.27"]
[EventType "team-swiss"]
[EventRounds "9"]
[EventCountry "POL"]
[SourceTitle "EXT 2019"]
[Source "ChessBase"]
[SourceDate "2018.10.10"]
[SourceVersion "1"]
[SourceVersionDate "2018.10.10"]
[SourceQuality "1"]
[WhiteTeam "Warszawa YMCA"]
[BlackTeam "Jaworzno JKSz MCKiS II"]
[WhiteTeamCountry "POL"]
[BlackTeamCountry "POL"]

1. e4 c5 2. Nf3 d6 3. Bb5+ Nd7 4. c3 Ngf6 5. Qe2 a6 6. Ba4 b5 7. Bc2 c4 8. b3 Qc7 9. Na3 Nb6 10. 0-0 Bb7 11. bxc4 bxc4 12. Rb1 e6 13. d3 cxd3 14. Bxd3 Na4 15. Qc2 Nc5 16. Re1 Be7 17. Bf4 Nh5 18. Be3 Nxd3 19. Qxd3 d5 20. Bb6 Qc8 21. exd5 Bxa3 22. Ng5 Nf4 23. Qf5 Qd7 24. dxe6 Nxe6 25. Nxe6 fxe6 26. Rxe6+ Be7 27. Rbe1 Rc8 28. Qg5 1-0

[Event "Polanica Zdroj op-A 41st"]
[Site "Polanica Zdroj"]
[Date "2005.08.23"]
[Round "5"]
[White "Jakubiec, Edyta"]
[Black "Majcher, Marcin"]
[Result "1-0"]
[WhiteElo "2178"]
[BlackElo "2107"]
[PlyCount "83"]
[EventDate "2005.08.19"]
[EventType "swiss"]
[EventRounds "10"]
[EventCountry "POL"]
[SourceTitle "CBM 108 Extra"]
[Source "ChessBase"]
[SourceDate "2005.11.04"]
[SourceVersion "1"]
[SourceVersionDate "2005.11.04"]
[SourceQuality "1"]

1. e4 c5 2. Nf3 d6 3. d4 cxd4 4. Nxd4 Nf6 5. Nc3 a6 6. Be2 e6 7. f4 Qc7 8. 0-0 Be7 9. Kh1 0-0 10. Bf3 Nbd7 11. Qe1 Rb8 12. a4 Re8 13. g4 Nb6 14. g5 Nfd7 15. Qg3 g6 16. Nde2 Bf8 17. h4 Bg7 18. h5 Nf8 19. h6 Bh8 20. Bg2 Bd7 21. Qd3 Bc6 22. a5 Nc8 23. Be3 Nd7 24. b4 Ne7 25. Rad1 Nc8 26. Kg1 b6 27. axb6 Ndxb6 28. Qxa6 Bb7 29. Qd3 Nc4 30. Nb5 Qc6 31. Ned4 Bxd4 32. Nxd4 Qc7 33. Nb5 Qc6 34. Nd4 Qc7 35. Qc3 e5 36. fxe5 dxe5 37. Nb3 Qc6 38. Bc5 Qb5 39. Rf6 Ba6 40. Bf1 N8b6 41. Qf3 Rb7 42. Na5 1-0

[Event "Polanica Zdroj op-A 41st"]
[Site "Polanica Zdroj"]
[Date "2005.08.22"]
[Round "4"]
[White "Majcher, Marcin"]
[Black "Flasinski, Michal"]
[Result "0-1"]
[WhiteElo "2107"]
[BlackElo "2176"]
[PlyCount "48"]
[EventDate "2005.08.19"]
[EventType "swiss"]
[EventRounds "10"]
[EventCountry "POL"]
[SourceTitle "CBM 108 Extra"]
[Source "ChessBase"]
[SourceDate "2005.11.04"]
[SourceVersion "1"]
[SourceVersionDate "2005.11.04"]
[SourceQuality "1"]

1. e4 c5 2. Nf3 Nc6 3. Nc3 e5 4. Bc4 Be7 5. d3 d6 6. Nd2 Bg5 7. 0-0 Nh6 8. Nd5 0-0 9. f4 Bg4 10. Nf3 exf4 11. Qe1 Bxf3 12. Rxf3 Nd4 13. Qd1 Nxf3+ 14. Qxf3 Kh8 15. Bxf4 f5 16. Bxg5 Qxg5 17. Nc7 fxe4 18. Qxe4 Qf6 19. d4 d5 20. Qxd5 Rad8 21. Qxc5 b6 22. Qe5 Qf2+ 23. Kh1 Ng4 24. Qe2 Qf4 0-1

[Event "Polanica Zdroj op-A 41st"]
[Site "Polanica Zdroj"]
[Date "2005.08.19"]
[Round "1"]
[White "Kepeshchuk, Mykhaylo"]
[Black "Majcher, Marcin"]
[Result "1-0"]
[WhiteElo "2261"]
[BlackElo "2107"]
[PlyCount "61"]
[EventDate "2005.08.19"]
[EventType "swiss"]
[EventRounds "10"]
[EventCountry "POL"]
[SourceTitle "CBM 108 Extra"]
[Source "ChessBase"]
[SourceDate "2005.11.04"]
[SourceVersion "1"]
[SourceVersionDate "2005.11.04"]
[SourceQuality "1"]

1. d4 d5 2. Nf3 Nf6 3. c4 c6 4. Nc3 e6 5. e3 Nbd7 6. Bd3 dxc4 7. Bxc4 b5 8. Be2 Bb7 9. 0-0 a6 10. a4 Be7 11. Nd2 b4 12. Nce4 c5 13. Bf3 Nd5 14. Nc4 Qc7 15. b3 0-0 16. Bb2 Rfd8 17. Rc1 f5 18. Ned2 Bf6 19. Qc2 Rac8 20. e4 Nc3 21. e5 Be7 22. Bxc3 bxc3 23. Qxc3 cxd4 24. Qxd4 Nc5 25. Nd6 Bxd6 26. exd6 Rxd6 27. Qe3 Qd7 28. Nc4 f4 29. Qe5 Rd4 30. Nb6 Qd8 31. Bxb7 1-0

[Event "POL-chT 2nd League"]
[Site "Polanica Zdroj"]
[Date "2004.09.12"]
[Round "11.21"]
[White "Tomaszewski, Roman"]
[Black "Majcher, Marcin"]
[Result "1-0"]
[WhiteElo "2333"]
[BlackElo "2044"]
[PlyCount "87"]
[EventDate "2004.09.04"]
[EventType "team-swiss"]
[EventRounds "11"]
[EventCountry "POL"]
[SourceTitle "EXT 2019"]
[Source "ChessBase"]
[SourceDate "2018.10.10"]
[SourceVersion "1"]
[SourceVersionDate "2018.10.10"]
[SourceQuality "1"]
[WhiteTeam "Czestochowa Hetman"]
[BlackTeam "Jaworzno JKSz MCKiS II"]
[WhiteTeamCountry "POL"]
[BlackTeamCountry "POL"]

1. c4 c6 2. d4 d5 3. Nd2 Nf6 4. Ngf3 e6 5. g3 Nbd7 6. Bg2 Bd6 7. 0-0 0-0 8. b3 a6 9. Bb2 b5 10. Qc2 Bb7 11. e4 dxe4 12. Nxe4 Nxe4 13. Qxe4 bxc4 14. bxc4 Nf6 15. Qc2 c5 16. dxc5 Be7 17. Ng5 Bxg2 18. Bxf6 g6 19. Rad1 Qc7 20. Bxe7 Qxe7 21. Nxh7 Bxf1 22. Nxf8 Rxf8 23. Rxf1 Qxc5 24. Rd1 Rc8 25. Qc3 e5 26. Rc1 Rd8 27. a3 a5 28. Rb1 Rd4 29. Rc1 e4 30. Qe3 Qe5 31. c5 Rd3 32. Qf4 Qxf4 33. gxf4 Kf8 34. c6 Rd8 35. c7 Rc8 36. Kg2 Ke7 37. Kg3 Kd6 38. Kg4 f6 39. h4 Ke6 40. f5+ gxf5+ 41. Kf4 Kd5 42. h5 Ke6 43. a4 Kf7 44. Kxf5 1-0

[Event "POL-chT 2nd League"]
[Site "Polanica Zdroj"]
[Date "2004.09.09"]
[Round "8"]
[White "Majcher, Marcin"]
[Black "Kolago, Marcin"]
[Result "0-1"]
[WhiteElo "2044"]
[BlackElo "2279"]
[PlyCount "68"]
[EventDate "2004.09.04"]
[EventType "team-swiss"]
[EventRounds "11"]
[EventCountry "POL"]
[SourceTitle "CBM 102 Extra"]
[Source "ChessBase"]
[SourceDate "2004.11.03"]
[SourceVersion "1"]
[SourceVersionDate "2004.11.03"]
[SourceQuality "1"]
[WhiteTeam "Jaworzno JKSz MCKiS II"]
[BlackTeam "Ostroda Ostrodzianka"]
[WhiteTeamCountry "POL"]
[BlackTeamCountry "POL"]

1. e4 d5 2. exd5 Qxd5 3. Nc3 Qa5 4. d4 Nf6 5. Nf3 c6 6. Bc4 Bf5 7. Bd2 Qc7 8. Qe2 e6 9. 0-0-0 Nbd7 10. Ne5 h5 11. f3 Nxe5 12. dxe5 Nd5 13. g4 Bg6 14. h3 0-0-0 15. f4 Bb4 16. Bxd5 cxd5 17. Be1 Bxc3 18. Bxc3 hxg4 19. hxg4 Rxh1 20. Rxh1 d4 21. Rh3 Qb6 22. Be1 Kb8 23. Qf3 d3 24. cxd3 Rxd3 25. Rh8+ Kc7 26. Qe2 Qc6+ 27. Bc3 Rg3 28. Qf2 Rg2 29. Qe3 Rc2+ 30. Kd1 Qd5+ 31. Ke1 Bd3 32. Qd4 Rc1+ 33. Kd2 Qg2+ 34. Kxd3 Rd1+ 0-1